Statistiques concernant Divergente - Factions par logo

Cliquez ici pour prendre le quiz!

Statistiques générales

  • Ce quiz a été pris 27 fois
  • Le résultat moyen est 4 sur 5

Statistiques - réponses

Réponse% Correct
Altruistes
93%
Fraternels
85%
Audacieux
78%
Érudits
78%
Sincères
74%

Distribution des résultats

Percentile par nombre de réponses

% des personnes avec chaque résultat

Votre développement - résultats

Vous n’avez pas pris ce quiz